লোডিং...

Accounting for management: Text and cases

গ্রন্থ-পঞ্জীর বিবরন
প্রধান লেখক: Bhattacharya, S K and John Dearden
বিন্যাস: Printed Book
প্রকাশিত: Vikas Publishing House Pvt. Ltd., New Delhi 1997
সংস্করন:3 Edition
বিষয়গুলি:
LEADER 00562nam a2200157 4500
082 |a 657.48 BHA-A3 
100 |a Bhattacharya, S K and John Dearden 
245 |a Accounting for management: Text and cases  |c Bhattacharya, S K and John Dearden 
250 |a 3 Edition 
260 |a Vikas Publishing House Pvt. Ltd., New Delhi  |c 1997 
300 |a 420 p 
490
650 |a Analytical (Financial) accounting 
942 |c BK 
999 |c 126084  |d 126084 
952 |0 0  |1 0  |4 0  |6 657_480000000000000_BHAA3  |7 0  |9 139546  |a COM  |b COM  |l 0  |o 657.48 BHA-A3  |p COM02457  |r 2019-10-24  |w 2019-10-24  |y BK